000
00332 a2200157 4500
001
76089
020
_a
9788535927658
040
_c
Anchieta - Colégio São Paulo
100
_a
SHEPARD, Jim
240
1
0
_a
O livro de Aron
_l
por
245
1
0
_a
O livro de Aron
300
_a
204
362
0
_a
2016
650
4
_a
Romance
942
_c
BK
999
_c
76089
_d
76089